| 000 | 00469 a2200181 4500 | ||
|---|---|---|---|
| 005 | 20240606112546.0 | ||
| 010 | _aB-759297 | ||
| 020 |
_a9789390842476 _c350.00 |
||
| 035 | _aB-759297 | ||
| 037 | _bGift | ||
| 082 | _aS | ||
| 245 | _aJust Science Delightful Stories With Science Stories/ | ||
| 260 |
_aNew Delhi _bVishu Books |
||
| 270 | _aNew Delhi | ||
| 300 |
_a80 p. _c28 cm(Hb) |
||
| 942 |
_adpl _cCH _2ddc _hS _mJUS |
||
| 999 |
_c203529 _d203529 |
||